Lousy Descriptions of Tom Hanks Movies Quiz Stats

 Plays Quiz Updated Mar 3, 2017

Support Sporcle.
Go Orange.
Score 0/20 Timer 05:00
0 Plays Today
Unhelpful plot summary Film % Correct
Tom's flight goes horribly wrong & he must apply limited material resources, perseverance and ingenuity, for his survival and return.Cast Away
93.3%
Tom must track down a man in a uniform wanted by the government.Catch Me If You Can
46.1%
Tom's flight goes horribly wrong & he must apply limited altitude & options, perseverance and ingenuity, for his survival and return.
(Kinda déja vu?)
Sully
42.2%
Tom's flight goes just fine.
But then something goes horribly wrong & Tom must apply limited material resources, perseverance and ingenuity, for his survival and return
The Terminal
37.7%
After his attraction to an underage girl leads to him being kicked out of his home, Tom has a romantic relationship with a woman more than twice his age.Big
31.2%
Tom & a female friend are miraculously lifted away at the last moment from annihilation in a fiery inferno.Joe vs the Volcano
28.5%
Tom is an amateur champion who changes sport disciplines after a brief sexual encounter.Forrest Gump
27.9%
A single woman finds Tom's late night phone calls so disturbing
that she feels compelled to relocate.
Sleepless In Seattle
27.3%
Tom, a long-time company employee
who loses his job under questionable legal circumstances,
goes to extreme lengths to prove unfair dismissal.
Philadelphia
24%
Tom's flight goes horribly wrong & he must apply limited material resources, perseverance and ingenuity, for his survival and return.
(Déja vu?)
Apollo 13
24%
Unhelpful plot summary Film % Correct
Tom must track down an armed man wanted by the government.Saving Private Ryan
23.1%
Tom reunites with an old girlfriend,
while his best friend deals with absentee father issues.
Toy Story 2
20.8%
Tom, a long-time company employee
who loses his job under questionable legal circumstances,
goes to extreme lengths to prove unfair dismissal. (Déja vu?)
Road To Perdition
19.1%
Tom repeatedly ends up in prison the day after he leaves it.The Green Mile
18.7%
During WWII, Tom leads a group of misfits from city to city
in a quest involving a last-remaining sibling.
A League Of Their Own
17.3%
Tom helps to arm the Taliban.Charlie Wilson's War
16.7%
Tom is concerned when his best friend starts showing signs of affection for someone completely delusional.Toy Story
10.5%
Tom & a female friend are miraculously lifted away at the last moment from annihilation in a fiery inferno.
(Déja vu?)
Toy Story 3
10.2%
The Taliban kill Tom. Some gratitude.Extremely Loud and Incredibly Close
7.4%
Tom spends years talking to people who aren't really there. There are many witnesses.A Beautiful Day in the Neighborhood
1.9%

You're not logged in!

Compare scores with friends on all Sporcle quizzes.
OR
Log In
Forgot?

From the Vault

Literary Character by First Mention

by Bolafssonify

These characters never tire of seeing their names in print.
Remove Ads.
Support Sporcle.
Get the best of Sporcle when you Go Orange. This ad-free experience offers more features, more stats, and more fun while also helping to support Sporcle. Thank you for becoming a member.

Show Comments

Extras

Top Quizzes Today


Score Distribution

Your Account Isn't Verified!

In order to create a playlist on Sporcle, you need to verify the email address you used during registration. Go to your Sporcle Settings to finish the process.

Report this User

Report this user for behavior that violates our Community Guidelines.

Details: